ბათუმის შოთა რუსთაველის სახელმწიფო უნივერსიტეტის ბიბლიოთეკა

Радиотехнические цепы и сигналы. (ბიბ.ჩანაწერი № 35051)

000 -LEADER
fixed length control field 00701nam a2200229Ia 4500
001 - CONTROL NUMBER
control field 891
003 - CONTROL NUMBER IDENTIFIER
control field GE_BSU
008 - FIXED-LENGTH DATA ELEMENTS--GENERAL INFORMATION
fixed length control field 181216s||||||||xx |||||||||||||| ||und||
040 ## - CATALOGING SOURCE
Transcribing agency GE_BSU
080 ## - UNIVERSAL DECIMAL CLASSIFICATION NUMBER
Universal Decimal Classification number 621.391(075.8)
100 ## - MAIN ENTRY--PERSONAL NAME
Personal name Гоноровский, И.С.
245 ## - TITLE STATEMENT
Title Радиотехнические цепы и сигналы.
245 ## - TITLE STATEMENT
Remainder of title Учебник для студ. радиотехнических спец.вузов.
250 ## - EDITION STATEMENT
Edition statement Изд.3-е. доп
260 ## - PUBLICATION, DISTRIBUTION, ETC.
Place of publication, distribution, etc. Москва
260 ## - PUBLICATION, DISTRIBUTION, ETC.
Name of publisher, distributor, etc. ,,Советское радио
260 ## - PUBLICATION, DISTRIBUTION, ETC.
Date of publication, distribution, etc. 1977
300 ## - PHYSICAL DESCRIPTION
Extent 608 с.
653 ## - INDEX TERM--UNCONTROLLED
Uncontrolled term Радиотехнические цепы и сигналы.
942 ## - ADDED ENTRY ELEMENTS (KOHA)
Koha item type წიგნი
ეგზემპლარები
Withdrawn status Lost status Damaged status Not for loan Date acquired Barcode Date last seen Price effective from Koha item type
        2018-12-17 1989 2018-12-17 2018-12-17 წიგნი